Bentuk muka bumi

Bibliographic Details
Main Author: Md Yunus Ali
Format: Book
Published: Seri Kembangan : Penerbitan Zharfan , 2020
Series:Siri geografi dan fizikal
Subjects:

MARC

LEADER 00000cam a2200000 7i4500
001 0000278252
005 20200921162834.0
020 |a 9789673133901 
090 0 0 |a 910   |b MDY 
100 0 |a Md Yunus Ali 
245 1 0 |a Bentuk muka bumi   |c Md Yunus Ali 
260 |a Seri Kembangan :   |b Penerbitan Zharfan ,   |c 2020 
300 |a 32p. :   |b ill. ;   |c 26cm. 
490 0 |a Siri geografi dan fizikal 
650 0 |a Geography   |v Juvenile literature 
999 |a 00377416   |b BUKU   |c JUNIOR BOOKS   |e PERPUSTAKAAN KOMUNITI PETALING JAYA